Close-Up 'V' Images Quiz Stats

Quiz Updated Sep 4, 2016

Challenge
Share
Tweet
Score 0/20 Timer 04:00
4 Plays Today
% Correct
Violin
99.6%
Van
97.5%
Volleyball
96.9%
Vacuum
95.7%
Vent
94.4%
Vest
93.9%
Vase
93.1%
Violet
92.7%
Veal
91%
Videotape
91%
% Correct
Velvet
90.7%
Venus
89.5%
Vulture
89.3%
Volcano
84.3%
Visor
82%
Valve
75.5%
Viper
74.4%
Vine
73.5%
Vole
65.3%
Vanilla
60%

You're not logged in!

Compare scores with friends on all Sporcle quizzes.
Join for Free
OR
Log In

You Might Also Like...

Show Comments

Extras

Top Quizzes Today


Score Distribution

Your Account Isn't Verified!

In order to create a playlist on Sporcle, you need to verify the email address you used during registration. Go to your Sporcle Settings to finish the process.

Report this User

Report this user for behavior that violates our Community Guidelines.

Details: